000 00632nam a2200193 a 4500
001 000027406
003 DO-SdBNP
005 20240927073748.0
008 110331s1954 000 spa d
040 _aDO-SdBNP
_bspa
_cBNPHU
049 _aBNPD
082 _axxx
_bB171p
100 1 _a Balaguer, Joaquín,
_d1906-2002
_976556
245 1 3 _aLa política social de Trujillo y la Organización Internacional del Trabajo /
_cJoaquín Balaguer.
260 _aCiudad Trujillo, República Dominicana :
_bEditora del Caribe,
_c1954.
300 _a54 p. ;
_c24 cm.
500 _aIncluye notas al pie de las páginas.
942 _2ddc
_cLBS1
999 _c26898
_d26898